[Event "Bankia tt"]
[Site "Bankia"]
[Date "1992.??.??"]
[Round "5"]
[White "Popov, Petar"]
[Black "Semkov, Semko"]
[Result "0-1"]
[WhiteElo "2350"]
[BlackElo "2480"]

1.c4 e6 2.Nf3 d5 3.b3 Nf6 4.g3 Be7 5.Bg2 c6 6.O-O a5 7.Bb2 O-O 8.d3 b5 9.a3 Qb6
10.Qc2 Bb7 11.Nbd2 Nbd7 12.h3 Rfc8 13.e4 a4 14.e5 axb3 15.Qxb3 Ne8 16.Qc2 Ra4
17.Nb1 Ra7 18.cxb5 cxb5 19.Qd2 Ba6 20.Bc3 Nc5 21.Bd4 Qb7 22.Qd1 Raa8 23.Bxc5 Rxc5
24.Re1 Qc7 25.Bf1 Rc8 26.Nbd2 Rc3 27.Nb3 Qb6 28.d4 Ra8 29.Re3 Rc7 30.Bd3 Bc8
31.Qe2 Bd7 32.Nc5 Bc6 33.Rb1 Bxc5 34.dxc5 Qxc5 35.Bxb5 Rxa3 36.Rxa3 Qxa3
37.Bxc6 Rxc6 38.Rb8 Qc1+ 39.Kg2 Rc8 40.Qb5 h6 41.Qb7 Rxb8 42.Qxb8 Qc6 43.Nd4 Qd7
44.Nb5 Kf8 45.Nd6 f6 46.f4 fxe5 47.fxe5 Ke7 48.Nc8+ Kf7 49.Kf2 h5 50.Ke3 Qc6
51.Nd6+ Ke7 52.Nc8+ Kf8 53.Qb4+ Kf7 54.Qf4+ Nf6 55.exf6 Qc3+ 56.Kf2 Qxc8
57.fxg7+ Kxg7 58.Qg5+ Kf8 59.Qxh5 Qc5+ 60.Kf1 Qe3 61.Qh8+ Ke7 62.Qg7+ Kd6
63.Qf8+ Ke5 64.Qg7+ Kd6 65.Qf8+ Kc6 66.Qc8+ Kb5 67.Qb7+ Kc4 68.Qc6+ Kb4 69.Qb7+ Kc3
70.Qc7+ Kd3 71.h4 e5 72.Kg2 e4 73.Qd6 Qf3+ 74.Kh2 e3 75.Qa3+ Ke2  0-1

[Event "Bankia tt"]
[Site "Bankia"]
[Date "1992.??.??"]
[Round "6"]
[White "Peev, Peicho Chonev"]
[Black "Dobrev, Ivan"]
[Result "1-0"]
[WhiteElo "2380"]
[BlackElo "2355"]

1.c4 e6 2.Nf3 d5 3.d4 c5 4.cxd5 exd5 5.g3 Nf6 6.Bg2 Nc6 7.O-O Be7 8.b3 O-O
9.Bb2 Ne4 10.Nc3 Bf6 11.Na4 b6 12.Rc1 Ba6 13.dxc5 Bxb2 14.Nxb2 bxc5 15.Nd2 Nd4
16.Re1 Qa5 17.Nxe4 dxe4 18.Na4 Rad8 19.Rxc5 Nf3+ 20.exf3 Rxd1 21.Rxd1 Qb4
22.fxe4 Be2 23.Rdc1 h5 24.Rd5 Bg4 25.h3 Be6 26.Rdd1 Qa3 27.Nc3 Qb2 28.Nd5 Qxa2
29.b4 Qb2 30.Rb1 Qe2 31.Ra1 h4 32.g4 g6 33.Re1 Qd2 34.Red1 Qc2 35.Rdc1 Qb2
36.Rcb1 Qd4 37.Ne7+ Kg7 38.Nc6 Qf6 39.b5 Bc4 40.e5 Qe6 41.Rxa7 Bd3 42.Rb4 Rc8
43.Re7 Qa2 44.e6 Qd2 45.Rxf7+ Kh6 46.Rd4 Qe1+ 47.Kh2 Ra8 48.g5+ Kxg5 49.Rg4+  1-0

[Event "Barcelona"]
[Site "Barcelona"]
[Date "1992.??.??"]
[Round "?"]
[White "Rivas Pastor, Manuel"]
[Black "Rodriguez Vargas, Orestes"]
[Result "1-0"]
[WhiteElo "2520"]
[BlackElo "2455"]

1.c4 e6 2.Nf3 d5 3.b3 c5 4.g3 d4 5.Bg2 Ne7 6.O-O Nec6 7.e4 Be7 8.d3 h5 9.h4 e5
10.a3 a5 11.Ra2 Na6 12.Nh2 Be6 13.f4 f6 14.f5 Bf7 15.a4 Qd7 16.Rf3 O-O-O
17.Bh3 Rdg8 18.Qf1 Kb8 19.Na3 Nc7 20.Raf2 b6 21.Bd2 Na7 22.Be1 Nc8 23.Nb5 Nxb5
24.axb5 Nd6 25.Qg2 Nxb5 26.cxb5 Bxb3 27.Rb2 a4 28.Nf1 c4 29.dxc4 Rc8 30.Nd2 Bd1
31.Rd3 Rc7 32.Qf1 Rhc8 33.Bf2 Bg4 34.Bxg4 hxg4 35.Ra2 Ra7 36.Qd1 a3 37.Qxg4 Bb4
38.Qd1 Bxd2 39.Qxd2 Rxc4 40.Rdxa3 Rxa3 41.Rxa3 Qxb5 42.Qa2 Qc6 43.Ra6 Kc7
44.Ra7+ Kd6 45.Be1 d3 46.Qa3+ Qc5+ 47.Bf2  1-0

[Event "Berliner Sommer"]
[Site "Berlin"]
[Date "1992.??.??"]
[Round "?"]
[White "Rind, Bruce"]
[Black "Piskov, Yury"]
[Result "0-1"]
[WhiteElo "2375"]
[BlackElo "2500"]

1.c4 e6 2.Nf3 d5 3.g3 Nf6 4.Bg2 dxc4 5.Na3 Bxa3 6.bxa3 c6 7.Qc2 b5 8.Bb2 Bb7
9.a4 Nbd7 10.O-O O-O 11.Nd4 Qb6 12.axb5 cxb5 13.Bxb7 Qxb7 14.a4 a6 15.axb5 axb5
16.Rfb1 e5 17.Nf5 g6 18.Ne3 Ne4 19.h4 Nec5 20.Bc3 Rxa1 21.Bxa1 Nb3 22.Bc3 Qc6
23.Qb2 f6 24.d3 Rb8 25.Nc2 Ndc5 26.Nb4 Qe6 27.Qa3 Na4 28.Be1 Nd4 29.Qa2 Nc5
30.Qa7 Rc8 31.Qa2 Kg7 32.f3 cxd3 33.Qxe6 Ncxe6 34.Nxd3 Nxe2+ 35.Kf1 N2d4
36.f4 e4 37.Nb4 Nf3 38.Nd5 Rc5 39.Ne3 Nxe1 40.Kxe1 Nd4 41.Rb4  0-1

[Event "Bern op"]
[Site "Bern"]
[Date "1992.??.??"]
[Round "8"]
[White "Tukmakov, Vladimir B"]
[Black "Kharlov, Andrei"]
[Result "0-1"]
[WhiteElo "2535"]
[BlackElo "2545"]

1.c4 e6 2.Nf3 d5 3.d4 c6 4.Qc2 Nf6 5.g3 dxc4 6.Qxc4 b5 7.Qb3 Nbd7 8.Bg2 Bb7
9.O-O a6 10.a4 c5 11.axb5 Bd5 12.Qc2 Be4 13.Qb3 Bd5 14.Qc2 axb5 15.Rxa8 Qxa8
16.Nc3 Bc6 17.e4 Nxe4 18.dxc5 Nxc3 19.Qxc3 b4 20.Qb3 Bxc5 21.Rd1 O-O 22.Ne1 Bxg2
23.Nxg2 Ne5 24.Be3 Nf3+ 25.Kh1 Be7 26.Qc4 Rc8 27.Qb5 h6 28.h3 Qe4 29.Qd3 Qxd3
30.Rxd3 Rc2 31.Rb3 g5 32.g4 e5  0-1

[Event "Biel op"]
[Site "Biel"]
[Date "1992.??.??"]
[Round "7"]
[White "Kaenel, Hansjuerg"]
[Black "Meyer, P."]
[Result "1/2-1/2"]
[WhiteElo "2350"]
[BlackElo "2365"]

1.Nf3 e6 2.c4 d5 3.e3 c6 4.b3 f5 5.Bb2 Nf6 6.Ne5 Bd6 7.f4 Nbd7 8.Be2 O-O
9.O-O Qe7 10.d4 Ne4 11.a3 Qd8 12.Nd2 Ndf6 13.Ndf3 Bd7 14.b4 Be8 15.Ne1 Kh8
16.N1d3 Rg8 17.Qe1 Qe7 18.c5 Bc7 19.Kh1 g5 20.fxg5 Rxg5 21.Nf4 Nh5 22.Bxh5 Bxh5
23.Qh4 Bxe5 24.dxe5 Qf7 25.Bd4 Rag8 26.Ra2 Qe8 27.a4 Bf7 28.Rb2 Rg4 29.Qe1 Qf8
30.Rf3 a6 31.Rh3 Qg7 32.Rh4 Rg5 33.Qe2 Qf8 34.Qf3 a5 35.Qh3 R5g7 36.Rh6 Ng5
37.Qh4 axb4 38.Rxb4 Qa8 39.Rf6 Qa6 40.Qe1 Qa5 41.Qb1 Ne4 42.Rxf7 Rxf7 43.Nxe6 Re7
44.Nf4 Rg5 45.e6+ Kg8 46.h3 Ng3+ 47.Kg1 Rg6 48.Qe1 Qc7 49.a5 Rexe6 50.Nxe6 Rxe6
51.a6 bxa6 52.Qb1 Re7 53.Rb8+ Kf7 54.Rh8 Ne2+ 55.Kh1 Ng3+ 56.Kg1 Ne2+ 57.Kh1 Ng3+
58.Kg1 Ne2+ 59.Kh1  1/2-1/2

[Event "Bled op"]
[Site "Bled"]
[Date "1992.??.??"]
[Round "5"]
[White "Panchenko, Alexander N"]
[Black "Jelen, Iztok"]
[Result "1-0"]
[WhiteElo "2460"]
[BlackElo "2425"]

1.c4 e6 2.Nf3 d5 3.g3 dxc4 4.Qa4+ Nd7 5.Bg2 Nf6 6.Qxc4 c5 7.Qb3 Rb8 8.d3 Bd6
9.Nc3 a6 10.Ng5 b5 11.O-O Qb6 12.Be3 O-O 13.Rac1 Bb7 14.Nge4 Rfc8 15.Na4 Qa5
16.Naxc5 Bd5 17.Nxf6+ Nxf6 18.Bxd5 Nxd5 19.Nb7 Qb4 20.Nxd6 Qxd6 21.Bd2 h6
22.Rc2 Rxc2 23.Qxc2 Nb6 24.Rc1 Rc8 25.Qd1 Rxc1 26.Qxc1 Qe5 27.e4 Qd6 28.Be3 Nd7
29.d4 f5 30.Qc8+ Kh7 31.e5 Qd5 32.Qxa6 Nb8 33.Qa7 Nc6 34.Qc5 Qe4 35.Qxb5 g5
36.Qb7+ Kg6 37.Qd7 Qb1+ 38.Kg2 Qe4+ 39.f3 Qxe3 40.Qxe6+ Kg7 41.Qf6+ Kg8 42.Qg6+ Kh8
43.Qxh6+ Kg8 44.Qg6+ Kh8 45.Qxf5 Nxd4 46.Qe4 Qd2+ 47.Kh3 Kg7 48.e6 Kf8 49.Qg6 Ke7
50.Qf7+  1-0

[Event "Bled op (Women)"]
[Site "Bled"]
[Date "1992.??.??"]
[Round "7"]
[White "Shumiakina, Tatiana"]
[Black "Misanovic, Vesna"]
[Result "0-1"]
[WhiteElo "2330"]
[BlackElo "2320"]

1.c4 e6 2.Nf3 d5 3.g3 Nf6 4.Bg2 dxc4 5.Qa4+ Nbd7 6.Qxc4 a6 7.Qb3 Be7 8.O-O O-O
9.d3 Rb8 10.a4 b5 11.axb5 axb5 12.Be3 c5 13.Nc3 b4 14.Na4 Nd5 15.Bd2 Bb7
16.Rfc1 Rc8 17.h3 N5b6 18.Nxb6 Nxb6 19.e4 Ra8 20.Be3 Rxa1 21.Rxa1 Nd7 22.Rc1 Qa5
23.Nd2 Ra8 24.Qc2 Rc8 25.Nc4 Qd8 26.Bf1 h6 27.f4 Nb8 28.Qf2 f5 29.exf5 exf5
30.Ne5 Nd7 31.Nxd7 Qxd7 32.Kh2 Kh7 33.Qd2 Bf6 34.Bg2 Bxg2 35.Kxg2 Bd4 36.Kh2 Rd8
37.Rc4 Bxe3 38.Qxe3 Re8 39.Qf3 Re1 40.Rxc5 Qd4  0-1

[Event "Brussels SWIFT rapid"]
[Site "Brussels"]
[Date "1992.??.??"]
[Round "?"]
[White "Winants, Luc"]
[Black "Jussupow, Artur"]
[Result "1/2-1/2"]
[WhiteElo "2515"]
[BlackElo "2655"]

1.c4 e6 2.Nf3 d5 3.b3 Nf6 4.g3 Be7 5.Bg2 O-O 6.O-O b6 7.Bb2 Bb7 8.e3 Nbd7
9.d3 dxc4 10.bxc4 Nc5 11.Ne5 Bxg2 12.Kxg2 Bd6 13.f4 Qe8 14.Nc3 h6 15.Qe2 Rd8
16.e4 Bxe5 17.fxe5 Nh7 18.Rad1 Na4 19.Nxa4 Qxa4 20.d4 b5 21.c5 c6 22.Rf3 Qxa2
23.Ra3 Qc4 24.Qxc4 bxc4 25.Ra6 Rb8 26.Bc3 Rb3 27.Ba5 Ng5 28.d5 Rb2+ 29.Rd2 Rxd2+
30.Bxd2 exd5 31.exd5 cxd5 32.Rd6 Rc8 33.Rxd5 Ne6 34.Bb4 Rb8 35.Be1 Rb5 36.Bf2 c3
37.Rd3 Nxc5 38.Rxc3 Ne6 39.Bxa7 Rxe5 40.h3  1/2-1/2

[Event "Bucharest"]
[Site "Bucharest"]
[Date "1992.??.??"]
[Round "?"]
[White "Badea, Bela"]
[Black "Negulescu, Adrian"]
[Result "1-0"]
[WhiteElo "2435"]
[BlackElo "2445"]

1.c4 e6 2.Nf3 d5 3.b3 Nf6 4.g3 Be7 5.Bg2 O-O 6.O-O a5 7.Nc3 Nc6 8.d4 Ne4
9.Bb2 Bf6 10.Nxe4 dxe4 11.Ne5 Bxe5 12.dxe5 e3 13.f4 Qe7 14.Qc1 Qc5 15.Ba3 Nb4
16.Rd1 g5 17.Bb2 gxf4 18.gxf4 Kh8 19.Kh1 Rg8 20.Be4 Qe7 21.Qxe3 Bd7 22.a3 Na6
23.Qh3 Rg7 24.f5 Qe8 25.f6 Rg6 26.Bxg6 Bc6+ 27.Kg1  1-0

[Event "Bucharest-B"]
[Site "Bucharest"]
[Date "1992.??.??"]
[Round "?"]
[White "Badea, Bela"]
[Black "Micalizzi, Giovanni"]
[Result "1-0"]
[WhiteElo "2435"]
[BlackElo "2325"]

1.c4 e6 2.Nf3 d5 3.g3 Nf6 4.b3 Be7 5.Bg2 O-O 6.O-O c5 7.Bb2 d4 8.e3 Nc6 9.exd4 cxd4
10.Re1 d3 11.a3 a5 12.Nc3 Nd7 13.Nb5 Bf6 14.Bxf6 Qxf6 15.Rb1 e5 16.Re3 Nc5
17.Nc7 Bg4 18.h3 Bh5 19.Nxa8 Rxa8 20.b4 axb4 21.axb4 Nd7 22.Qe1 e4 23.Rxe4 Bxf3
24.Rf4 Qd6 25.c5 Qe5 26.Rxf3 Qxe1+ 27.Rxe1 Nxb4 28.Rb1  1-0

[Event "Budapest Nuovo"]
[Site "Budapest"]
[Date "1992.??.??"]
[Round "3"]
[White "Stajcic, Nikola"]
[Black "Baburin, Alexander"]
[Result "1/2-1/2"]
[WhiteElo "2320"]
[BlackElo "2490"]

1.c4 e6 2.Nf3 d5 3.d4 Nf6 4.g3 dxc4 5.Bg2 Nbd7 6.O-O c6 7.a4 a5 8.Qc2 Nb6
9.Nbd2 Be7 10.Nxc4 Nxc4 11.Qxc4 O-O 12.Ne5 Nd5 13.Rd1 Bd7 14.e4 Nb4 15.Be3 Bd6
16.Nd3  1/2-1/2

[Event "Statisztika IM"]
[Site "Budapest"]
[Date "1992.??.??"]
[Round "6"]
[White "Fancsy, Imre"]
[Black "Almasi, Istvan"]
[Result "1/2-1/2"]
[WhiteElo "2310"]
[BlackElo "2350"]

1.Nf3 e6 2.c4 d5 3.g3 Nf6 4.Bg2 Be7 5.O-O O-O 6.d4 dxc4 7.Qc2 a6 8.Qxc4 b5
9.Qc2 Bb7 10.Bd2 Nc6 11.e3 Nb4 12.Bxb4 Bxb4 13.a3 Be4 14.Qe2 Be7 15.Nbd2 Bb7
16.Rac1 Nd7 17.Nb3 Bd5 18.Nfd2 Bxg2 19.Kxg2 Nb6 20.Rc2 e5 21.Rfc1 exd4 22.Nxd4 Bd6
23.Ne4 Re8 24.Qg4 Nc4 25.Nxd6 Qxd6 26.b3 Ne5  1/2-1/2

[Event "Budapest Nuovo"]
[Site "Budapest"]
[Date "1992.??.??"]
[Round "11"]
[White "Stajcic, Nikola"]
[Black "Lukacs, Peter"]
[Result "0-1"]
[WhiteElo "2320"]
[BlackElo "2490"]

1.c4 e6 2.Nf3 d5 3.g3 dxc4 4.Bg2 Nd7 5.Qa4 Nf6 6.O-O a6 7.Qxc4 b5 8.Qc6 Ra7
9.d4 Bb7 10.Qc2 c5 11.dxc5 Bxc5 12.Nc3 Qa8 13.a3 O-O 14.b4 Bb6 15.Bb2 Ne5
16.a4 Nxf3+ 17.Bxf3 Bxf3 18.exf3 Qxf3 19.axb5 Qh5 20.Qe2 Qxe2 21.Nxe2 axb5
22.Rxa7 Bxa7 23.Ra1 Bb6 24.Ra6 Nd7 25.Bd4 Rb8 26.Bxb6 Rxb6 27.Ra8+ Rb8 28.Ra5 Ne5
29.Nd4 g6 30.Kf1 Nd3 31.Nc6 Rb6 32.Ra8+ Kg7 33.Rc8 Rb7 34.Ke2 Rd7 35.Ke3 Kf6
36.f4 e5 37.fxe5+ Nxe5 38.Nxe5 Kxe5 39.Rb8 Rd5 40.Rb7 Ke6 41.Rb6+ Kf5 42.Rb7 Kf6
43.g4 h5 44.h3 hxg4 45.hxg4 Ke6 46.Rb6+ Ke5 47.g5 Kf5 48.Rf6+ Kxg5 49.Rxf7 Rf5
50.Rd7 Kg4 51.Rd4+ Kg3 52.Rd1 g5 53.Rc1 Kh4 54.Rh1+ Kg4 55.Rg1+ Kh5 56.Rh1+ Kg6
57.Kd4 g4 58.Rh8 Kg5 59.Ke3 Re5+ 60.Kd4 Kf4 61.Rh1 Rg5 62.Rf1+ Kg3 63.Ke3 Kg2
64.Rc1 g3 65.Kf4 Rd5 66.Rc2+ Kh3 67.Ke4 Rg5 68.Kf4 Rg4+  0-1

[Event "Buenos Aires CA"]
[Site "Buenos Aires"]
[Date "1992.??.??"]
[Round "5"]
[White "Giardelli, Sergio C"]
[Black "Lida Garcia, Fernando"]
[Result "1-0"]
[WhiteElo "2430"]
[BlackElo "2270"]

1.c4 e6 2.Nf3 d5 3.d4 f5 4.g3 c6 5.Bg2 Nf6 6.O-O Bd6 7.b3 Qe7 8.Bb2 O-O 9.e3 b6
10.Qc2 Bb7 11.Nc3 Nbd7 12.Rac1 Rac8 13.Rfd1 Kh8 14.Ne2 Ne4 15.Nf4 Ndf6 16.Ne5 Qe8
17.a3 g5 18.Nfd3 g4 19.c5 Be7 20.b4 b5 21.a4 Ba6 22.Ra1 Rc7 23.Nf4 Bd8 24.Bf1 Ng5
25.Ra2 Nf3+ 26.Nxf3 gxf3 27.Rda1 Rff7 28.Qd1 Ne4 29.Bd3 Ng5 30.h4 Ne4 31.Qxf3 Bxh4
32.Qh5 Bf6 33.axb5 Bxb5 34.Bxb5 Qb8 35.Bf1 Rg7 36.Kg2 Rg5 37.Qe2  1-0

[Event "Ceske Budejovice op"]
[Site "Ceske Budejovice"]
[Date "1992.??.??"]
[Round "8"]
[White "Vokac, Marek"]
[Black "Guliev, Sarhan"]
[Result "1/2-1/2"]
[WhiteElo "2395"]
[BlackElo "2470"]

1.c4 e6 2.Nf3 d5 3.g3 c6 4.Bg2 Bd6 5.O-O Nd7 6.Qc2 Ngf6 7.d4 Ne4 8.Nbd2 f5
9.Nxe4 dxe4 10.Ng5 Qf6 11.f3 h6 12.Nh3 exf3 13.Bxf3 O-O 14.Be3 g5 15.Rad1 e5
16.c5 Bc7 17.Be4 f4 18.dxe5 Nxe5 19.Nxf4 gxf4 20.Rxf4 Qe7 21.Rxf8+ Qxf8 22.Rf1 Qg7
23.Qc1 Ng4 24.Qc4+ Kh8 25.Bd2 Ne5 26.Qc1 Ng4 27.Qc4  1/2-1/2

[Event "JUG-chT"]
[Site "Cetinje"]
[Date "1992.??.??"]
[Round "?"]
[White "Cvetkovic, Srdjan"]
[Black "Miljanic, Boro"]
[Result "1-0"]
[WhiteElo "2450"]
[BlackElo "2395"]

1.c4 e6 2.Nf3 d5 3.d4 c5 4.cxd5 exd5 5.Bg5 Be7 6.Bxe7 Qxe7 7.dxc5 Nf6 8.Nc3 Qxc5
9.Qd4 Qe7 10.e3 O-O 11.Bb5 a6 12.Ba4 Bf5 13.O-O Be4 14.Ne5 Rc8 15.Rac1 Nc6
16.Nxc6 bxc6 17.Bxc6 Rab8 18.Nxd5 Bxd5 19.Bxd5 Nxd5 20.Rxc8+  1-0

[Event "Ceuta"]
[Site "Ceuta"]
[Date "1992.??.??"]
[Round "1"]
[White "Rivas Pastor, Manuel"]
[Black "Rodriguez Talavera, Juan Carlos"]
[Result "1-0"]
[WhiteElo "2520"]
[BlackElo "2375"]

1.c4 e6 2.Nf3 d5 3.b3 Nf6 4.g3 Bd6 5.Bb2 O-O 6.Bg2 c6 7.O-O Nbd7 8.d4 Ne4
9.Nbd2 f5 10.Ne5 Nxe5 11.dxe5 Bc5 12.cxd5 exd5 13.e3 Qe7 14.Nf3 Bd7 15.a3 Be8
16.b4 Bb6 17.Ne1 a5 18.Nd3 axb4 19.axb4 Rxa1 20.Bxa1 Bf7 21.Qc2 Rd8 22.Rc1 Ng5
23.Nf4 Be6 24.Bd4 Bc7 25.Nd3 Nf7 26.f4 Ra8 27.b5 Nd8 28.b6 Bb8 29.Nc5 Bc8
30.Qc3 Ne6 31.Ra1 Rxa1+ 32.Qxa1 Nxc5 33.Qa3 Be6 34.Bxc5 Qd8 35.Qa8 Qc8 36.Bf1 Kf7
37.h4 h5 38.Kh2 Kg6 39.Ba6 bxa6 40.Bd6  1-0

[Event "CSR-chT"]
[Site "CSR"]
[Date "1992.??.??"]
[Round "?"]
[White "Stohl, Igor"]
[Black "Matlak, Marek"]
[Result "1/2-1/2"]
[WhiteElo "2560"]
[BlackElo "2440"]

1.c4 e6 2.Nf3 d5 3.g3 c6 4.b3 b5 5.Bb2 Nf6 6.Bg2 Be7 7.O-O O-O 8.d3 a5 9.a3 Nbd7
10.Nbd2 Qb6 11.Qc2 Bb7 12.e4 c5 13.Rfe1 Rfe8 14.cxd5 exd5 15.e5 Ng4 16.d4 Nf8
17.h3 Nh6 18.Nf1 Rac8 19.Rad1 Ne6 20.Qd2 Nf5 21.dxc5 Nxc5 22.Nd4 Nxd4 23.Qxd4 b4
24.e6 f6 25.axb4 Qxb4 26.Qxb4 axb4 27.Ne3 Nxb3 28.Bxd5 Bxd5 29.Rxd5 Nc5 30.Nf5 Kf8
31.Bd4 Na4 32.Rd7 b3 33.Rb1 Nc5 34.Bxc5 Rxc5 35.Nxe7 Rxe7 36.Rxb3 Rxd7 37.exd7 Ke7
38.Rb8 Kxd7 39.Rg8 Rg5 40.h4 Rg6 41.Kg2 Ke7 42.f4 Kf7 43.Rh8 Rh6 44.Kf3 Rh5
45.Kg4  1/2-1/2

[Event "EU-chT (Men)"]
[Site "Debrecen"]
[Date "1992.??.??"]
[Round "3"]
[White "Skembris, Spyridon"]
[Black "Godena, Michele"]
[Result "1/2-1/2"]
[WhiteElo "2530"]
[BlackElo "2425"]

1.c4 e6 2.Nf3 d5 3.d4 c6 4.Qc2 Nf6 5.e3 Nbd7 6.Be2 Bd6 7.O-O O-O 8.Nc3 Qe7
9.b3 Re8 10.Rd1 dxc4 11.bxc4 e5 12.Rb1 exd4 13.exd4 c5 14.d5 Ne5 15.Nxe5 Qxe5
16.g3 Bf5 17.Bd3 Bg4 18.Rf1 Qh5 19.h4 Bh3 20.Be2 Bf5 21.Bxh5 Bxc2 22.Rb2 Bd3
23.Be2 Bxe2 24.Rxe2 Rxe2 25.Nxe2 Re8 26.Nc3 Be5 27.Bd2 Bxc3 28.Bxc3 Re4 29.Bxf6 gxf6
30.Rc1 Kf8 31.Kf1 f5 32.Rc3 f4 33.Kg2 fxg3 34.Kxg3 f5 35.Rb3 b6 36.Ra3 Rg4+
37.Kh3 Rxc4 38.Rxa7 Rc3+ 39.Kg2 Rd3 40.Rxh7 Rxd5 41.Rb7 Rd4 42.h5 Rb4 43.Kg3 Rb2
44.f3 Rxa2 45.Rxb6 c4 46.Rf6+ Kg7 47.Rxf5 c3 48.Rc5 Rc2 49.Rc6 Rc1 50.Kf4 c2
51.Rg6+ Kf7 52.Rg2 Rh1 53.Rxc2 Rxh5 54.Rc7+ Kf6 55.Rc6+ Kf7 56.Kg4 Re5 57.f4 Rb5
58.f5 Rb1  1/2-1/2

[Event "EU-chT (Men)"]
[Site "Debrecen"]
[Date "1992.??.??"]
[Round "6"]
[White "Kortschnoj, Viktor"]
[Black "Godena, Michele"]
[Result "1/2-1/2"]
[WhiteElo "2585"]
[BlackElo "2425"]

1.c4 e6 2.Nf3 d5 3.d4 c6 4.Qc2 Nf6 5.Bg5 Nbd7 6.e3 Qa5+ 7.Nbd2 Ne4 8.Bh4 Bb4
9.a3 f5 10.Rd1 Bd6 11.Bd3 h6 12.O-O g5 13.Bg3 Nxg3 14.hxg3 Nf6 15.Rc1 Bd7
16.Nb3 Qd8 17.Nc5 Bxc5 18.dxc5 Ng4 19.Qc3 O-O 20.Ne5 Nxe5 21.Qxe5 Qb8 22.f4 Qxe5
23.fxe5 Rad8 24.Rcd1 Be8 25.Be2 Bg6 26.Rd2 Rd7 27.b4 Kg7 28.Rd4 Rc8 29.Rc1 Rcc7
30.Kf2 Kf7 31.Bf3 Kg7 32.a4 Rc8 33.a5 a6 34.Rf1 Be8 35.Ke1 Bg6 36.Kd2 Rh8
37.Be2 Kf7 38.Bd3 Ke7 39.cxd5 exd5 40.Bxf5 Bxf5 41.Rxf5 Ke6 42.e4 Rhh7 43.Ke3 Rdf7
44.Rxf7 Rxf7 45.exd5+ cxd5 46.Rd1 Kxe5 47.Re1 d4+ 48.Kd3+ Kd5 49.Re4 Rf2
50.Rxd4+ Kc6 51.Ke3 Rxg2 52.Kf3 Rb2 53.Rd6+ Kc7 54.Rxh6 Rxb4 55.Rg6 Ra4 56.Rxg5 Rxa5
57.g4 Ra1 58.Re5 Rg1 59.g5 a5 60.Kf4 Kc6 61.Kf5 a4 62.Re4  1/2-1/2

[Event "Dortmund op-A"]
[Site "Dortmund"]
[Date "1992.??.??"]
[Round "1"]
[White "Roesemann, Rainer"]
[Black "Thesing, Matthias"]
[Result "1-0"]
[WhiteElo "2210"]
[BlackElo "2415"]

1.c4 e6 2.Nf3 d5 3.g3 dxc4 4.Bg2 Nf6 5.Qa4+ Nbd7 6.Qxc4 c5 7.O-O b6 8.d4 Bb7
9.Nc3 a6 10.dxc5 b5 11.Qh4 Bxc5 12.Bf4 Qb6 13.Rac1 O-O 14.e4 h6 15.e5 Nh7
16.Bd2 Rfe8 17.Ne4 Be7 18.Qg4 Kh8 19.Be3 Qa5 20.Rfd1 Rad8 21.a3 b4 22.Qf4 Kg8
23.Bd2 Qd5 24.Nd6 Bxd6 25.exd6 e5 26.Qxb4 Rc8 27.Bc3 Qc6 28.Nh4 e4 29.Nf5 Ng5
30.Ne7+ Rxe7 31.dxe7 Nh3+ 32.Kf1 a5 33.Qd4 Qb5+ 34.Ke1 Nf6 35.Bxh3 Ba6 36.Qd8+ Kh7
37.Rd2 Rc5 38.e8=Q Nxe8 39.Qd7 Qc4 40.Qxe8  1-0

[Event "Dortmund op-A"]
[Site "Dortmund"]
[Date "1992.??.??"]
[Round "4"]
[White "Sher, Miron N"]
[Black "Steckner, Johannes"]
[Result "1-0"]
[WhiteElo "2475"]
[BlackElo "2315"]

1.c4 e6 2.Nf3 d5 3.g3 Nf6 4.Bg2 Be7 5.O-O O-O 6.d4 Nbd7 7.Nc3 dxc4 8.e4 c6
9.a4 e5 10.dxe5 Ng4 11.Bf4 Qa5 12.e6 Nde5 13.Nxe5 Nxe5 14.Nd5 cxd5 15.Bxe5 Bxe6
16.exd5 Rfd8 17.Bc3 Bb4 18.Bxb4 Qxb4 19.Qd4 Rd7 20.b3 Rc8 21.bxc4 Rxc4 22.Qe5 Qa5
23.Qe2 Rxa4 24.dxe6 Re7 25.Qc2  1-0

[Event "Dortmund op-A"]
[Site "Dortmund"]
[Date "1992.??.??"]
[Round "11"]
[White "Roesemann, Rainer"]
[Black "Jaeckle, Marco"]
[Result "0-1"]
[WhiteElo "2210"]
[BlackElo "2295"]

1.c4 e6 2.Nf3 d5 3.g3 Nf6 4.Bg2 dxc4 5.Qa4+ Nbd7 6.O-O a6 7.Nc3 c5 8.Qxc4 b5
9.Qf4 Bb7 10.Rd1 Qb6 11.e4 b4 12.e5 Nh5 13.Qg5 bxc3 14.Qxh5 c2 15.Re1 c4
16.Ng5 g6 17.Qg4 Be7 18.Bxb7 Qxb7 19.Qf3 Qxf3 20.Nxf3 Nc5 21.Nd4 Nd3 22.Re2 Rb8
23.Nxc2 O-O 24.Re4 Bc5 25.Rxc4 Bxf2+ 26.Kg2 Nxe5 27.Rc3 Bb6 28.d4 Nd7 29.Bg5 Rbc8
30.Rc1 Rxc3 31.bxc3 Rc8 32.Bd2 Nf6 33.Kf3 Ba5 34.Ne3 Nd5 35.Nxd5 exd5 36.Ke3 Kg7
37.Kd3 Rc4 38.Re1 Bc7 39.Bg5 Rxc3+ 40.Kxc3 Ba5+ 41.Kd3 Bxe1 42.Ke2 Bb4 43.g4 Bd6
44.h3 h5 45.Kf3 f5 46.Bd8 fxg4+ 47.hxg4 Kf7 48.Ba5 Ke6 49.a4 Be7 50.Bd2 Bh4
51.Kf4 Bf2 52.Bc3 Bg1 53.Kg3 Kf6 54.Kg2 Be3 55.Kf3 Bc1 56.Ba5 Kg5 57.Bd8+ Kh6
58.Ba5 Bb2 59.Bb6 Kg7 60.Kf4 Kf6 61.Bc5 Ba1 62.Ba7 Bc3 63.Bb6 Ke6 64.Bc5 h4
65.Bb6 Be1 66.Kf3 h3 67.Bc5 h2 68.Kg2 Bg3 69.Bb6 Bd6 70.Ba5 Kf6 71.Bd2 Bg3
72.Be3 Ke6 73.Kh1 Kd7 74.Kg2 Kc6 75.Bg5 Kb6 76.Bd2 Kc6 77.Be3 Kb6 78.Bd2 Bf2
79.Kxh2 Bxd4 80.Kg3 Be5+ 81.Kf3 Kc5 82.Ke3 Kc4 83.Be1 Bc3 84.Bh4 d4+  0-1

[Event "Espergaerde (Women)"]
[Site "Espergaerde"]
[Date "1992.??.??"]
[Round "?"]
[White "Peicheva Hansen, Evgenia"]
[Black "Porubszky Angyalosine, Maria A"]
[Result "1-0"]
[WhiteElo "2175"]
[BlackElo "2210"]

1.c4 e6 2.Nf3 d5 3.g3 Nf6 4.Bg2 Be7 5.O-O O-O 6.b3 c5 7.e3 Nc6 8.Qe2 d4 9.d3 Ne8
10.e4 f5 11.exf5 exf5 12.Ne5 Nxe5 13.Qxe5 Nf6 14.Bg5 Bd6 15.Bxf6 Bxe5 16.Bxd8 Rxd8
17.Re1 Bf6 18.f4 Rb8 19.Nd2 Bd7 20.Nf3 Re8 21.Rxe8+ Rxe8 22.Re1 Rxe1+ 23.Nxe1 b5
24.cxb5 Bxb5 25.Kf2 Kf7 26.Ke2 Ke6 27.Nc2 g5 28.Bb7 gxf4 29.gxf4 Bd8 30.Na3 Be8
31.Bc8+ Kf6 32.Ba6 Bc7 33.Kf3 Bh5+ 34.Kg3 Bd1 35.Nb5 Bb8 36.b4 cxb4 37.Nxd4 Bc7
38.Nc6 b3 39.axb3 Bxb3 40.Nxa7  1-0

[Event "Bundesliga 9192"]
[Site "Germany"]
[Date "1992.??.??"]
[Round "?"]
[White "Smejkal, Jan"]
[Black "Dizdar, Goran"]
[Result "1/2-1/2"]
[WhiteElo "2535"]
[BlackElo "2495"]

1.c4 e6 2.Nf3 d5 3.g3 dxc4 4.Qa4+ Nd7 5.Bg2 c5 6.O-O Nf6 7.Qxc4 b6 8.Nc3 Bb7
9.d4 a6 10.dxc5 Bxc5 11.Bg5 Rc8 12.Qh4 b5 13.Ne5 Bxg2 14.Nxd7 Qxd7 15.Kxg2 Bd4
16.Rad1 Qb7+ 17.f3 Bxc3 18.bxc3 Nd5 19.Rd3 O-O 20.Bd2 Qe7 21.Qxe7 Nxe7 22.a4 bxa4
23.Ra1 Rc4 24.Rd4 Rxd4 25.cxd4 Rc8  1/2-1/2

[Event "BL9192 (Women)"]
[Site "Germany"]
[Date "1992.??.??"]
[Round "?"]
[White "Geissler, Grit"]
[Black "Kas Fromm, Rita"]
[Result "0-1"]
[WhiteElo "2035"]
[BlackElo "2200"]

1.c4 e6 2.Nf3 d5 3.g3 Nf6 4.Bg2 Be7 5.b3 O-O 6.Bb2 c5 7.O-O d4 8.d3 Nc6 9.e3 e5
10.exd4 exd4 11.Re1 Bf5 12.Na3 Qd7 13.Nc2 a5 14.a4 Bd6 15.Qd2 h6 16.Qe2 Qc7
17.Rab1 Qb6 18.Bc1 Rfe8 19.Qf1 Rxe1 20.Nfxe1 Re8 21.Nf3 Nd7 22.Rb2 Nde5 23.Nxe5 Nxe5
24.Ne1 Nxd3 25.Nxd3 Bxd3 26.Qxd3 Re1+ 27.Bf1 Rxc1 28.Qe4 g6 29.Kg2 Qb4 30.Qd5 Qe1
31.Be2 Bf8 32.Kh3 Qxf2 33.Qxb7 d3 34.Qf3 dxe2  0-1

[Event "BL2-W9192"]
[Site "Germany"]
[Date "1992.??.??"]
[Round "?"]
[White "Gawehns, Klaus"]
[Black "Schlehoefer, Ralf"]
[Result "0-1"]
[WhiteElo "2340"]
[BlackElo "2335"]

1.c4 e6 2.Nf3 d5 3.d4 c5 4.cxd5 exd5 5.g3 Nc6 6.Bg2 c4 7.O-O Bb4 8.a3 Ba5
9.Nc3 Nge7 10.Bf4 O-O 11.Ne5 Be6 12.Nxc6 Nxc6 13.e4 Bxc3 14.bxc3 Qd7 15.Qc2 Rfd8
16.Rfe1 h6 17.Re2 Ne7 18.Rae1 Rac8 19.f3 b5 20.Bd2 a5 21.g4 dxe4 22.fxe4 Bxg4
23.Re3 Rc6 24.Rg3 Rg6 25.Be3 Bh3 26.d5 Rxg3 27.hxg3 Bxg2 28.Kxg2 f5 29.Bb6 Ra8
30.Bc5 Nxd5 31.Rd1 fxe4 32.Qxe4 Rd8 33.Rd4 Qf7 34.Qe5 Rd7 35.Qb8+ Kh7 36.Qe5 Nf6
37.Qf4 Rxd4 38.Bxd4 Qd5+ 39.Kf2 Qe4 40.Qc7 Qc2+ 41.Kf3 Qe4+ 42.Kf2 a4 43.Qf7 Qd5
44.Qe7 Kg6 45.Bxf6 Qf5+ 46.Kg2 Qd5+ 47.Kh2 gxf6 48.Qe8+ Kg5 49.Qe3+ Kf5 50.Qxh6 Ke4
51.Qh4+ Kd3 52.Qxf6 Qh5+ 53.Kg2 Kc2 54.Qg7 b4 55.cxb4 Qd5+ 56.Kh2 c3 57.b5 Qxb5
58.Qd4 Kb3 59.Qe3 Qh5+ 60.Kg2 Qd5+  0-1

[Event "BL2-S9192"]
[Site "Germany"]
[Date "1992.??.??"]
[Round "?"]
[White "Staiger, Frank"]
[Black "Treffert, Peter"]
[Result "0-1"]
[WhiteElo "2285"]
[BlackElo "2250"]

1.c4 e6 2.Nf3 d5 3.d4 c5 4.e3 Nc6 5.Nc3 Nf6 6.a3 cxd4 7.exd4 Ne4 8.Be3 Nxc3
9.bxc3 Be7 10.Qc2 Bf6 11.Bd3 dxc4 12.Bxc4 b6 13.h4 h6 14.h5 Na5 15.Be2 Bb7
16.O-O Rc8 17.Bb5+ Ke7 18.Qb2 Qd6 19.Nd2 Rhd8 20.f3 Kf8 21.Ne4 Qe7 22.Rac1 Bd5
23.Ba6 Nc4 24.Bxc4 Bxc4 25.Rfe1 Rd5 26.Bf4 Kg8 27.g4 Bh4 28.Bg3 Bxg3 29.Nxg3 Rb5
30.Qd2 Bd5 31.Nf5 Qxa3 32.Nxh6+ gxh6 33.g5 Rb2 34.Qf4 Qe7 35.gxh6 Kh7 36.Kh1 Bxf3+
37.Kg1 Rg8+ 38.Kf1 Bg2+ 39.Kg1 Bd5+ 40.Kf1 Bc4+  0-1

[Event "BL2-S9192"]
[Site "Germany"]
[Date "1992.??.??"]
[Round "?"]
[White "Becker, Marc"]
[Black "Braun, Michael"]
[Result "1-0"]
[WhiteElo "2330"]
[BlackElo "2350"]

1.c4 e6 2.Nf3 d5 3.b3 Nf6 4.Bb2 Be7 5.g3 O-O 6.Bg2 Nbd7 7.O-O Re8 8.Nc3 c6
9.d4 b6 10.Ne5 Nxe5 11.dxe5 Ng4 12.e4 Nxe5 13.exd5 exd5 14.Nxd5 Bd6 15.Ne3 Qc7
16.Re1 f6 17.Qh5 Bd7 18.Rad1 Rad8 19.Be4 g6 20.Qh4 f5 21.Nd5 cxd5 22.Bxd5+ Be6
23.Bxe6+ Rxe6 24.Rxe5 Be7 25.Rxd8+ Bxd8 26.Qd4 Rd6 27.Rd5 Bf6 28.Qd2 Rxd5
29.Qxd5+ Kg7 30.Bc1 Qe7 31.Be3 Qa3 32.Qd7+ Kg8 33.Bh6 Qe7 34.Qd5+ Kh8 35.Qa8+ Qd8
36.Qxa7 g5 37.Qf7 f4 38.Qf8+ Qxf8 39.Bxf8 f3 40.g4 Kg8 41.Bd6 Kf7 42.Bc7 Bd4
43.h3 Ke6 44.Kf1 Bc5 45.Bd8 h6 46.Bc7 Bd4 47.Ke1 h5 48.gxh5 Kf5 49.a4 Kf6
50.Bg3 Kf5 51.Kd2 Bg7  1-0